01083cam a2200301 a 45000010005000000030006000050050017000110080041000280100017000690200018000860200027001040400023001310420014001540500023001680820012001911000020002032450036002232600038002593000031002975050008003285200175003365210020005115210019005316500021005506500021005718560085005928560104006771868FISKH20241106150828.0001211s2001 nyu c 000 1 eng  a 00054233  a9780064409599 a006029289X (lib. bdg.) aDLCcDLCdDLCbeng apccalcac00aPZ7.C8615bLo 200100a8082211 aCreech, Sharon.10aLove that dog /cSharon Creech. aNew York :bHarperCollins,c2001. a86, 22, 13 pages ;c20 cm. aZ'  aA young student, who comes to love poetry through a personal understanding of what different famous poems mean to him, surprises himself by writing his own inspired poem.8 a1010 bLexile 8 aZ' bRaz-Plus  1aPoetryvFiction. 1aNovels in verse.423Publisher descriptionuhttp://www.loc.gov/catdir/description/hc043/00054233.html423Contributor biographical informationuhttp://www.loc.gov/catdir/enhancements/fy0910/00054233-b.html